000 00553cam a2200193 4500500
005 20260329004711.0
041 _afre
042 _adc
100 1 0 _aPortevin, Catherine
_eauthor
245 0 0 _aPatagonie routeĀ 203
260 _c2020.
500 _a88
690 _aPatagonie
690 _aRencontre
690 _aRoute
690 _aSauvage
786 0 _nPhilosophie magazine | 144 | 11 | 2020-11-01 | p. 77-78 | 1951-1787
856 4 1 _uhttps://shs.cairn.info/magazine-philosophie-magazine-2020-11-page-77?lang=fr&redirect-ssocas=7080
999 _c1836395
_d1836395